| 000 | 01125nam a2200241Ia 4500 | ||
|---|---|---|---|
| 003 | Ost | ||
| 005 | 20260507075653.0 | ||
| 008 | 260507s9999||||xx |||||||||||||| ||und|| | ||
| 020 | _a3040339957 | ||
| 040 | _cfsecg | ||
| 041 | _aara | ||
| 082 | _a657.63 | ||
| 100 |
_aالقاضي، حسين يوسف _eمؤلف |
||
| 245 | 0 |
_aالمحاسبة المالية الخاصة / _c حسين يوسف القاضي |
|
| 260 |
_aعمان: _bمؤسسة الوراق للنشر والتوزيع, _c2004 |
||
| 300 |
_a376 صفحة؛ _bإيضاحات ؛ _c24 سم |
||
| 504 | _aالمراجع ص.375 | ||
| 520 | _aالمحاسبة عن البيع بالتقسيط- المحاسبة عن عقود الإيجار- المحاسبة عن بضاعة الامانة- محاسبة المنشآت ذات الاقسام- المحاسبة في المنشآت ذات الفروع- المحاسبة عن العمليات بالعملات الاجنبية. | ||
| 653 | _aالمحاسبة التحليلية | ||
| 653 | _aالمحاسبة الخاصة | ||
| 700 |
_aدحدوح، حسين أحمد _eمؤلف ثانوي |
||
| 942 | _cكتاب | ||
| 999 |
_c45649 _d45649 |
||